La venida del reino : (Registro nro. 326465)

Detalles MARC
000 -ENCABEZADO
Número de control [NR] 02197nam a22002537a 4500
005 - FECHA Y HORA DE LA ÚLTIMA TRANSACCIÓN
control field 20260601102802.0
008 - DE LONGITUD FIJA DE DATOS DE ELEMENTOS - INFORMACIÓN GENERAL
Elementos de longitud fija [NR] 260601t2026 |||||||| |||| 00| 0 spa d
020 ## - NUMERO INTERNACIONAL NORMALIZADO PARA LIBROS [R]
Número Internacional Normalizado del libro [NR] 9789585006966
040 ## - FUENTE DE CATALOGACION [NR]
Agencia de catalogación original [NR] CO-BoUCM
Idioma de catalogación [NR] spa
Quien Cataloga Stefania Borbon
Quien Clasifica Stefania Borbon
041 ## - CODIGO DE IDIOMA [R]
Código de idioma para texto/pista de sonido o título separado [R] Español
100 ## - ASIENTO PRINCIPAL--NOMBRE PERSONAL [NR]
Nombre personal [NR] Cobo Betancourt, Juan F
ID Autoridad 189543
245 ## - MENCION DE TITULO [NR]
Título [NR] La venida del reino :
Parte restante del título [NR] Los muiscas, la reforma católica y el colonialismo español en el Nuevo Reino de Granada /
Mención de responsabilidad, etc. [NR] Juan F. Cobo Betancourt ; traducción de Alfonso Conde
246 ## - FORMA VARIANTE DEL TITULO [R]
Título propiamente dicho/forma breve del título [NR] The Coming of the Kingdom :
Parte restante del título [NR] The Muisca, Catholic Reform, and Spanish Colonialism in the New Kingdom of Granada
260 ## - PUBLICACION, DISTRIBUCION, ETC. (PIE DE IMPRENTA) [R]
Lugar de publicación, distribución, etc. [R] Bogotá, D. C., Colombia :
Nombre del editor, distribuidor, etc. [R] Editorial Universidad del Rosario,
Fecha de publicación, distribución, etc. [R] 2026
300 ## - DESCRIPCION FISICA [R]
Extensión [R] 393 páginas
520 ## - NOTA DE RESUMEN, ETC. [R]
Nota de sumario, etc. [NR] La venida del reino explora las experiencias de los indígenas muiscas del Nuevo Reino de Granada (Colombia) durante el primer siglo del dominio colonial español. Tomando como eje el colonialismo, la reforma religiosa, el derecho, la lengua y la escritura histórica, el autor examina la introducción y el desarrollo del cristianismo entre los muiscas, que desde la década de 1530 se vieron en el centro de los esfuerzos de los invasores por transformarlos en súbditos católicos tributarios de la Corona española. El libro muestra cómo sucesivas generaciones de misioneros y administradores abordaron la tarea de atraer a los muiscas al catolicismo en un momento en el que este atravesaba transformaciones profundas, y cómo sucesivas generaciones de muiscas interactuaron con las prácticas e ideas que los invasores intentaron imponerles, rechazándolas o adoptándolas de diversas maneras, transformándolas y traduciéndolas, y, en última instancia, apropiándoselas.
650 #4 - ASIENTO SECUNDARIO DE MATERIA - TERMINO TEMATICO [R]
Término temático o nombre geográfico como elemento de entrada [NR] Muiscas
Subdivisión de forma [R] Historia
Subdivisión general [R] Vida religiosa
Subdivisión cronológica [R] Siglo XVI
9 (RLIN) 189544
650 #4 - ASIENTO SECUNDARIO DE MATERIA - TERMINO TEMATICO [R]
Término temático o nombre geográfico como elemento de entrada [NR] Iglesia Católica
Subdivisión de forma [R] Historia
Subdivisión general [R] Misiones
Subdivisión geográfica [R] Colombia
-- Nuevo Reino de Granada
9 (RLIN) 189545
650 #4 - ASIENTO SECUNDARIO DE MATERIA - TERMINO TEMATICO [R]
Término temático o nombre geográfico como elemento de entrada [NR] Evangelización
Subdivisión de forma [R] Historia
Subdivisión cronológica [R] Siglo XVI
Subdivisión geográfica [R] Colombia
-- Nuevo Reino de Granada
9 (RLIN) 189546
650 #4 - ASIENTO SECUNDARIO DE MATERIA - TERMINO TEMATICO [R]
Término temático o nombre geográfico como elemento de entrada [NR] Colombia
Subdivisión general [R] Historia
Subdivisión cronológica [R] Colonia, 1550-1810
9 (RLIN) 189547
700 1# - ASIENTO SECUNDARIO - NOMBRE PERSONAL [R]
Nombre personal [NR] Conde, Alfonso
Término de relación [R] traductor
9 (RLIN) 189000
942 ## - ELEMENTOS DE ENTRADA AGREGADOS (KOHA)
Sistema de clasificación DEWEY
Tema principal Historia
Tipo de ítem principal el descrito en 300a Libro
Edición 1
Clasificación 986.1
Parte restante de la signatura top. C656v
Existencias
Total préstamos Signatura topográfica Código de barras Última vez visto Ejemplar Price effective from Tipo de ítem Nota pública (OPAC) Perdido Sistema de clasificación Dañado No prestable Tipo de ítem específico Suprimido Ubicación habitual Ubicación actual Localización Fecha de creación Forma de adquisición Costo Fecha de último préstamo Prestado
  986.1 C656v 100175294 01/06/2026 Ej.1 01/06/2026 Edición Rosarista Ed. Rosaristas   DEWEY     Libro Edición Rosarista   Claustro Claustro 4to piso 01/06/2026 Compra 54600.00    
1 986.1 C656v 100175295 01/06/2026 Ej.2 01/06/2026 Libro     DEWEY     Libro   Claustro Claustro 2do piso 01/06/2026 Compra 54600.00 01/06/2026 31/12/2026
  986.1 C656v 100175293 01/06/2026 Ej.3 01/06/2026 Libro     DEWEY     Libro   Claustro Claustro 2do piso 01/06/2026 Compra 54600.00